[Event "POL-ch Rapid U18 Girls"]
[Site "Bydgoszcz"]
[Date "2023.08.30"]
[Round "7"]
[White "Kucharska, Helena"]
[Black "Jedrzejko, Martyna"]
[Result "1-0"]
[WhiteElo "1653"]
[BlackElo "1535"]
[PlyCount "161"]
[EventDate "2023.08.28"]
[EventType "swiss"]
[EventRounds "11"]
[EventCountry "POL"]
[SourceTitle "EXT 2024"]
[Source "ChessBase"]
[SourceDate "2023.10.10"]
[SourceVersion "1"]
[SourceVersionDate "2023.10.10"]
[SourceQuality "1"]

1. e4 e6 2. d3 d5 3. Nd2 c5 4. Ngf3 Nc6 5. g3 b6 6. Bg2 Bb7 7. 0-0 Nf6 8. Re1 Be7 9. c3 0-0 10. e5 Nd7 11. d4 Rc8 12. Nf1 Ba6 13. a3 cxd4 14. cxd4 Na5 15. Ne3 Nc4 16. Nxc4 dxc4 17. Nd2 Nb8 18. Ne4 Nc6 19. Be3 f5 20. Nc3 Kh8 21. Qa4 Na5 22. Rad1 Qe8 23. Qxe8 Rfxe8 24. d5 exd5 25. Bxd5 Bc5 26. Bxc5 bxc5 27. f4 Bb7 28. Bxb7 Nxb7 29. Rd7 Nd8 30. Nb5 Re6 31. Nd6 Ra8 32. Nxf5 g6 33. Nd6 Nc6 34. Nxc4 Nd4 35. Kf2 h5 36. b4 Nc6 37. bxc5 a5 38. Rd6 Rae8 39. Red1 Kg7 40. Rd7+ Kg8 41. R1d6 Kf8 42. Rh7 R8e7 43. Rxe7 Kxe7 44. Ne3 Kf7 45. Nd5 a4 46. Ke3 Na5 47. Kd3 Nb3 48. Rd7+ Ke8 49. Kc4 Kxd7 50. Nb6+ Kc6 51. Nxa4 Na5+ 52. Kb4 Nb7 53. Kc4 Re8 54. Nc3 Nxc5 55. Ne2 Ne6 56. a4 Ra8 57. Nc3 Nc5 58. Kb4 Nd3+ 59. Kc4 Ne1 60. h3 Nf3 61. g4 Ng1 62. gxh5 gxh5 63. f5 Nxh3 64. e6 Ng5 65. Kd4 h4 66. Ke5 Nf3+ 67. Kf6 h3 68. Ne2 h2 69. Ng3 Nd2 70. Kf7 Ra7+ 71. e7 Kd6 72. f6 Nf1 73. Nh1 Ne3 74. Kf8 Ra8+ 75. e8Q Rxe8+ 76. Kxe8 Nf5 77. Kf7 Nd4 78. a5 Ne6 79. a6 Nd8+ 80. Ke8 Kc7 81. a7 1-0

[Event "POL-ch Rapid U18 Girls"]
[Site "Bydgoszcz"]
[Date "2023.08.29"]
[Round "6"]
[White "Grzyb, Anna"]
[Black "Kucharska, Helena"]
[Result "0-1"]
[WhiteElo "1343"]
[BlackElo "1653"]
[PlyCount "64"]
[EventDate "2023.08.28"]
[EventType "swiss"]
[EventRounds "11"]
[EventCountry "POL"]
[SourceTitle "EXT 2024"]
[Source "ChessBase"]
[SourceDate "2023.10.10"]
[SourceVersion "1"]
[SourceVersionDate "2023.10.10"]
[SourceQuality "1"]

1. d4 d5 2. c4 c6 3. Nc3 Nf6 4. Bf4 dxc4 5. a4 Bf5 6. e3 e6 7. Bxc4 Nbd7 8. Nge2 Bb4 9. 0-0 0-0 10. Na2 Be7 11. b4 a6 12. Bd3 Bxd3 13. Qxd3 Nd5 14. Rab1 Nxf4 15. Nxf4 e5 16. dxe5 Nxe5 17. Qe4 Bf6 18. Nc3 Re8 19. Qf5 Nf3+ 20. gxf3 Bxc3 21. Kh1 g6 22. Qg4 Be5 23. h4 Qc7 24. Nh3 Rad8 25. h5 Qd7 26. Qh4 Qf5 27. Nf4 Bxf4 28. exf4 Rd4 29. hxg6 fxg6 30. Rg1 Rxf4 31. Qh2 Rxf3 32. Rg2 Qxb1+ 0-1

[Event "POL-ch Rapid U18 Girls"]
[Site "Bydgoszcz"]
[Date "2023.08.29"]
[Round "5"]
[White "Kucharska, Helena"]
[Black "Krzyzosiak, Anna"]
[Result "0-1"]
[WhiteElo "1653"]
[BlackElo "1545"]
[PlyCount "58"]
[EventDate "2023.08.28"]
[EventType "swiss"]
[EventRounds "11"]
[EventCountry "POL"]
[SourceTitle "EXT 2024"]
[Source "ChessBase"]
[SourceDate "2023.10.10"]
[SourceVersion "1"]
[SourceVersionDate "2023.10.10"]
[SourceQuality "1"]

1. e4 c5 2. Nf3 d6 3. Bb5+ Nd7 4. c4 a6 5. Ba4 Ngf6 6. Nc3 g6 7. 0-0 Bg7 8. d4 cxd4 9. Nxd4 0-0 10. Be3 Qc7 11. Bb3 Nc5 12. Bc2 Ng4 13. Nd5 Qd8 14. Rb1 Nxe3 15. Nxe3 e6 16. b4 Nd7 17. a3 Qb6 18. Nb3 Ne5 19. Qe2 Bd7 20. Kh1 Rac8 21. f4 Nxc4 22. Nxc4 Rxc4 23. f5 Rc3 24. Rf3 exf5 25. exf5 Re8 26. Qd1 Rxf3 27. Qxf3 Bc6 28. Qg3 Re2 29. Bd3 Bxg2+ 0-1

[Event "Pobeskydy Talents op 42nd"]
[Site "Frydek Mistek"]
[Date "2023.04.09"]
[Round "7"]
[White "Kowalec, Maciej"]
[Black "Kucharska, Helena"]
[Result "1-0"]
[WhiteElo "2133"]
[BlackElo "1817"]
[PlyCount "107"]
[EventDate "2023.04.06"]
[EventType "swiss"]
[EventRounds "9"]
[EventCountry "CZE"]
[SourceTitle "EXT 2024"]
[Source "ChessBase"]
[SourceDate "2023.10.10"]
[SourceVersion "1"]
[SourceVersionDate "2023.10.10"]
[SourceQuality "1"]

1. d4 d5 2. Nf3 Nf6 3. e3 c6 4. Bd3 Bg4 5. c4 e6 6. Qb3 Bxf3 7. gxf3 Qb6 8. Nd2 Nbd7 9. f4 c5 10. cxd5 exd5 11. dxc5 Nxc5 12. Qb5+ Nfd7 13. Nf3 a6 14. Qxb6 Nxd3+ 15. Kd2 Nxb6 16. Kxd3 f6 17. b3 0-0-0 18. Bb2 Nd7 19. Bd4 Kb8 20. a4 Nc5+ 21. Bxc5 Bxc5 22. Rhc1 Bd6 23. h4 g6 24. h5 Rdg8 25. hxg6 Rxg6 26. Rg1 Kc7 27. Kd4 Bb4 28. Kxd5 Rd8+ 29. Kc4 a5 30. Rxg6 hxg6 31. Rg1 Rg8 32. Kb5 Rg7 33. Nd4 Kd7 34. Kb6 Kc8 35. Rh1 Kd7 36. Rh8 Be1 37. Rb8 Kd6 38. f3 Bf2 39. Nc2 Re7 40. Rd8+ Ke6 41. Rd2 Bh4 42. Kxa5 g5 43. fxg5 fxg5 44. Kb6 Bg3 45. Rg2 Bh4 46. b4 Rd7 47. Nd4+ Kf6 48. b5 Be1 49. Rc2 Bb4 50. Rc4 Be7 51. Ka7 Bd8 52. b6 Rd6 53. a5 Rd7 54. Nb5 1-0

[Event "POL-ch rapid (Women)"]
[Site "Bydgoszcz"]
[Date "2020.12.13"]
[Round "3"]
[White "Kucharska, Helena"]
[Black "Kulon, Klaudia"]
[Result "0-1"]
[WhiteElo "1603"]
[BlackElo "2347"]
[PlyCount "60"]
[EventDate "2020.12.13"]
[EventType "swiss (rapid)"]
[EventRounds "9"]
[EventCountry "POL"]
[SourceTitle "CBM 199 Extra"]
[Source "ChessBase"]
[SourceDate "2021.01.31"]
[SourceVersion "1"]
[SourceVersionDate "2021.01.31"]
[SourceQuality "1"]

1. e4 e5 2. Nf3 Nc6 3. Bc4 Nf6 4. d3 h6 5. c3 d6 6. 0-0 g6 7. b4 Bg7 8. Bb2 0-0 9. Nbd2 a6 10. a4 d5 11. exd5 Nxd5 12. Re1 Re8 13. b5 Na5 14. Ba2 Nf4 15. d4 Nd3 16. d5 Nxb2 17. Qc2 e4 18. Rxe4 Rxe4 19. Qxe4 Bxc3 20. Rc1 Bf5 21. Qe3 Bg7 22. Nd4 Nxa4 23. Nxf5 gxf5 24. Qf4 Nc3 25. Rxc3 Bxc3 26. Nf3 axb5 27. Qxf5 Nc4 28. Bb1 Bg7 29. Qh7+ Kf8 30. Qf5 Ra1 0-1

[Event "POL-ch blitz (Women)"]
[Site "Bydgoszcz"]
[Date "2020.12.12"]
[Round "8"]
[White "Adamczyk, Zuzanna"]
[Black "Kucharska, Helena"]
[Result "1-0"]
[WhiteElo "1820"]
[BlackElo "1603"]
[PlyCount "57"]
[EventDate "2020.12.12"]
[EventType "swiss (blitz)"]
[EventRounds "11"]
[EventCountry "POL"]
[SourceTitle "CBM 199 Extra"]
[Source "ChessBase"]
[SourceDate "2021.01.31"]
[SourceVersion "1"]
[SourceVersionDate "2021.01.31"]
[SourceQuality "1"]

1. d4 d5 2. c4 c6 3. Nf3 Nf6 4. Qb3 a6 5. Nc3 e6 6. Bg5 h6 7. Bh4 g5 8. Bg3 Bg7 9. Ne5 Nbd7 10. cxd5 exd5 11. Qa3 Nh5 12. Nxd7 Nxg3 13. hxg3 Bxd7 14. e3 Bf5 15. Na4 Qc7 16. Nc5 0-0 17. Bd3 Bxd3 18. Qxd3 b6 19. Nb3 Rfe8 20. Rc1 Rac8 21. 0-0 Qd6 22. Rfd1 Rc7 23. Nd2 h5 24. Nf3 h4 25. Nh2 Re6 26. g4 Rf6 27. b3 Qe7 28. Nf3 Qd6 29. Nxg5 1-0

[Event "POL-ch blitz (Women)"]
[Site "Bydgoszcz"]
[Date "2020.12.12"]
[Round "11"]
[White "Cieslak, Wiktoria"]
[Black "Kucharska, Helena"]
[Result "1-0"]
[WhiteElo "2008"]
[BlackElo "1603"]
[PlyCount "63"]
[EventDate "2020.12.12"]
[EventType "swiss (blitz)"]
[EventRounds "11"]
[EventCountry "POL"]
[SourceTitle "CBM 199 Extra"]
[Source "ChessBase"]
[SourceDate "2021.01.31"]
[SourceVersion "1"]
[SourceVersionDate "2021.01.31"]
[SourceQuality "1"]

1. e4 e6 2. d4 d5 3. Nd2 a6 4. Ngf3 Nf6 5. e5 Nfd7 6. Bd3 c5 7. c3 Nc6 8. 0-0 b5 9. a4 Bb7 10. axb5 axb5 11. Rxa8 Bxa8 12. Bxb5 cxd4 13. cxd4 Qb6 14. Qa4 Bb7 15. Nb1 Be7 16. Bd2 0-0 17. Rc1 Ra8 18. Qb3 Ndb8 19. Be3 Ra5 20. Nc3 Ba6 21. Ba4 Nb4 22. Na2 Bc4 23. Qa3 Bxa2 24. Rc8+ Bf8 25. Bd2 Rxa4 26. Qxa4 N8c6 27. Qa8 h6 28. Rxf8+ Kh7 29. Rxf7 Qb5 30. Qf8 Kg6 31. Qxg7+ Kh5 32. g4# 1-0

[Event "Vsetin op 45th"]
[Site "Vsetin"]
[Date "2020.07.06"]
[Round "4"]
[White "Vantuch, Lucian"]
[Black "Kucharska, Helena"]
[Result "1-0"]
[WhiteElo "1981"]
[BlackElo "1712"]
[PlyCount "79"]
[EventDate "2020.07.04"]
[EventType "swiss"]
[EventRounds "9"]
[EventCountry "CZE"]
[SourceTitle "CBM 197 Extra"]
[Source "ChessBase"]
[SourceDate "2020.09.30"]
[SourceVersion "1"]
[SourceVersionDate "2020.09.30"]
[SourceQuality "1"]

1. e4 e5 2. Nf3 Nc6 3. Bb5 a6 4. Ba4 g6 5. 0-0 Bg7 6. c3 b5 7. Bc2 Nge7 8. d4 exd4 9. Nxd4 0-0 10. f4 Bb7 11. f5 Nc8 12. Nxc6 Bxc6 13. Qg4 d5 14. e5 Bxe5 15. fxg6 hxg6 16. Bxg6 fxg6 17. Qxg6+ Bg7 18. Rxf8+ Kxf8 19. Bh6 Bxh6 20. Qxh6+ Kg8 21. Qxc6 Nb6 22. Qg6+ Kh8 23. Nd2 Qe7 24. Nf3 Qe3+ 25. Kh1 Re8 26. h3 Re6 27. Qf7 Re7 28. Qf8+ Kh7 29. Re1 Qxe1+ 30. Nxe1 Rxe1+ 31. Kh2 Nc4 32. Qf7+ Kh8 33. Qxd5 Ne3 34. Qd8+ Kg7 35. Qxc7+ Kf8 36. Qf4+ Ke8 37. Qf2 Nf1+ 38. Kg1 Ra1 39. Qxf1 Rxf1+ 40. Kxf1 1-0

[Event "EU-ch U14 Girls"]
[Site "Bratislava"]
[Date "2019.08.07"]
[Round "6"]
[White "Zhou, Lulu"]
[Black "Kucharska, Helena"]
[Result "1-0"]
[WhiteElo "1952"]
[BlackElo "1546"]
[PlyCount "69"]
[EventDate "2019.08.02"]
[EventType "swiss"]
[EventRounds "9"]
[EventCountry "SVK"]
[SourceTitle "EXT 2020"]
[Source "ChessBase"]
[SourceDate "2019.10.17"]
[SourceVersion "1"]
[SourceVersionDate "2019.10.17"]
[SourceQuality "1"]

1. e4 e6 2. d4 d5 3. Nc3 Nf6 4. e5 Nfd7 5. f4 c5 6. Nf3 Nc6 7. Be3 Be7 8. Qd2 a6 9. Be2 b5 10. 0-0 0-0 11. Nd1 cxd4 12. Nxd4 Nxd4 13. Bxd4 Nc5 14. Bd3 Bb7 15. Ne3 Qc7 16. Qf2 Nd7 17. Rae1 Bc5 18. Qh4 g6 19. Bxc5 Qxc5 20. Kh1 f6 21. exf6 Nxf6 22. Ng4 Nxg4 23. Qxg4 Bc8 24. Bxg6 Kh8 25. Qh4 Ra7 26. Re5 Qd4 27. Rh5 Kg8 28. Rxh7 a5 29. c3 Qc5 30. Rh8+ Kg7 31. Qh6+ Kf6 32. Qg5+ Kg7 33. Rh7+ Kg8 34. Bf5+ Rg7 35. Qxg7# 1-0

[Event "EU-ch U14 Girls"]
[Site "Bratislava"]
[Date "2019.08.06"]
[Round "5"]
[White "Kucharska, Helena"]
[Black "Katter, Katharina"]
[Result "1/2-1/2"]
[WhiteElo "1546"]
[BlackElo "1844"]
[PlyCount "54"]
[EventDate "2019.08.02"]
[EventType "swiss"]
[EventRounds "9"]
[EventCountry "SVK"]
[SourceTitle "EXT 2020"]
[Source "ChessBase"]
[SourceDate "2019.10.17"]
[SourceVersion "1"]
[SourceVersionDate "2019.10.17"]
[SourceQuality "1"]

1. e4 e5 2. Nf3 Nc6 3. Bc4 Bc5 4. c3 Nf6 5. d3 d6 6. h3 a6 7. Nbd2 Ba7 8. Bb3 0-0 9. Nf1 d5 10. Qe2 dxe4 11. dxe4 Qe7 12. Ng3 Bd7 13. 0-0 Rad8 14. Bc2 Rfe8 15. Nh4 Na5 16. Nhf5 Qe6 17. Qf3 Bb5 18. Re1 Rd7 19. Bg5 c5 20. Rad1 Red8 21. Nh5 Rxd1 22. Nxf6+ Qxf6 23. Bxf6 Rxe1+ 24. Kh2 gxf6 25. Qg4+ Kf8 26. Qg7+ Ke8 27. Qxf6 Nc6 1/2-1/2

[Event "EU-ch U14 Girls"]
[Site "Bratislava"]
[Date "2019.08.04"]
[Round "3"]
[White "Kucharska, Helena"]
[Black "Lomaia, Diana"]
[Result "1/2-1/2"]
[WhiteElo "1546"]
[BlackElo "1813"]
[PlyCount "93"]
[EventDate "2019.08.02"]
[EventType "swiss"]
[EventRounds "9"]
[EventCountry "SVK"]
[SourceTitle "EXT 2020"]
[Source "ChessBase"]
[SourceDate "2019.10.17"]
[SourceVersion "1"]
[SourceVersionDate "2019.10.17"]
[SourceQuality "1"]

1. e4 c5 2. Nf3 d6 3. d4 cxd4 4. Nxd4 Nf6 5. Nc3 a6 6. h3 e6 7. Be3 Nc6 8. g4 Nd7 9. Bg2 Be7 10. Qd2 Nde5 11. b3 Ng6 12. 0-0 0-0 13. Rad1 Nxd4 14. Bxd4 e5 15. Be3 Be6 16. Nd5 Bxd5 17. Qxd5 Qc7 18. c4 Rad8 19. Kh1 b6 20. Qd2 Qb8 21. Rb1 Rc8 22. Kh2 Qc7 23. Rbc1 Rfd8 24. Rh1 Nh4 25. g5 Qb7 26. f3 Nxg2 27. Kxg2 b5 28. h4 bxc4 29. bxc4 Rb8 30. h5 Qb4 31. Qd3 Qa5 32. Rc2 f6 33. g6 h6 34. c5 dxc5 35. Qc4+ Kh8 36. Qf7 Qa4 37. Rhc1 Bf8 38. Bxc5 Bxc5 39. Rxc5 Rb2+ 40. Kg3 Qd4 41. R5c2 Qe3 42. Rxb2 Qxc1 43. Qd7 Qg5+ 44. Qg4 Qc1 45. Qd7 Qg5+ 46. Qg4 Qc1 47. Qd7 1/2-1/2

[Event "EU-ch U14 Girls"]
[Site "Bratislava"]
[Date "2019.08.02"]
[Round "1"]
[White "Kucharska, Helena"]
[Black "Sevcikova, Lucia"]
[Result "0-1"]
[WhiteElo "1546"]
[BlackElo "1903"]
[PlyCount "37"]
[EventDate "2019.08.02"]
[EventType "swiss"]
[EventRounds "9"]
[EventCountry "SVK"]
[SourceTitle "EXT 2020"]
[Source "ChessBase"]
[SourceDate "2019.10.17"]
[SourceVersion "1"]
[SourceVersionDate "2019.10.17"]
[SourceQuality "1"]

1. e4 Nf6 2. Nc3 d5 3. exd5 Nxd5 4. Bc4 c6 5. Qf3 e6 6. Nge2 Nd7 7. d4 N7f6 8. Bg5 Be7 9. 0-0-0 Qa5 10. Bd2 Qc7 11. g4 b5 12. Bd3 b4 13. Ne4 Nxe4 14. Bxe4 Qa5 15. Qb3 Ba6 16. c4 bxc3 17. Nxc3 Qb6 18. Qc2 Rb8 19. Be3 0-1

[Event "EU-ch U12 Girls 28th"]
[Site "Riga"]
[Date "2018.08.21"]
[Round "2"]
[White "Kucharska, Helena"]
[Black "Basa, Manasvita"]
[Result "1-0"]
[WhiteElo "1349"]
[BlackElo "1668"]
[PlyCount "155"]
[EventDate "2018.08.20"]
[EventType "swiss"]
[EventRounds "9"]
[EventCountry "LAT"]
[SourceTitle "CBM 186 Extra"]
[Source "ChessBase"]
[SourceDate "2018.08.24"]
[SourceVersion "1"]
[SourceVersionDate "2018.08.24"]
[SourceQuality "1"]

1. e4 e5 2. Nf3 Nf6 3. Nc3 Nc6 4. d4 exd4 5. Nxd4 Bb4 6. Nxc6 bxc6 7. Bd3 0-0 8. 0-0 Bxc3 9. bxc3 d6 10. Bg5 h6 11. Bh4 Qe7 12. f4 Qe6 13. Re1 Bb7 14. h3 c5 15. e5 Nd5 16. f5 Qd7 17. e6 fxe6 18. fxe6 Qc6 19. Qg4 Nf6 20. Qg6 Qe8 21. e7 Rf7 22. Bxf6 Rxf6 23. Qh7+ Kf7 24. Rf1 Qg8 25. e8Q+ Rxe8 26. Bg6+ Ke7 27. Rae1+ Re6 28. Qxg8 Rxg8 29. Rf7+ Kd8 30. Rxe6 Bd5 31. Bf5 Bxa2 32. Ree7 Bxf7 33. Rxf7 g6 34. Be6 Re8 35. Rd7+ Kc8 36. Re7+ Kd8 37. Rxe8+ Kxe8 38. Kf2 Ke7 39. Bd5 Kf6 40. h4 Kf5 41. Kf3 g5 42. hxg5 hxg5 43. Ke3 Ke5 44. c4 a5 45. Bc6 Kf5 46. Kf3 Ke5 47. c3 Kf5 48. g4+ Ke5 49. Ke3 Kf6 50. Ke4 Ke6 51. Ba4 Kf6 52. Kd5 Ke7 53. Kc6 Kd8 54. Kb5 Ke7 55. Kxa5 Ke6 56. Ka6 d5 57. cxd5+ Kxd5 58. Kb7 Kc4 59. Kxc7 Kxc3 60. Kd6 c4 61. Ke5 Kb4 62. Bd1 Kc3 63. Kf5 Kd4 64. Kxg5 Ke5 65. Kh6 Kf6 66. g5+ Kf7 67. g6+ Kf8 68. g7+ Ke7 69. g8Q c3 70. Qc4 c2 71. Bxc2 Kd6 72. Qb5 Ke7 73. Qc6 Kd8 74. Qb7 Ke8 75. Bb3 Kd8 76. Be6 Ke8 77. Qd7+ Kf8 78. Qd8# 1-0

[Event "EU-ch U10 Girls 26th"]
[Site "Prague"]
[Date "2016.08.27"]
[Round "9"]
[White "Pshevskaya, Yana"]
[Black "Kucharska, Helena"]
[Result "1/2-1/2"]
[WhiteElo "1362"]
[BlackElo "1206"]
[PlyCount "122"]
[EventDate "2016.08.18"]
[EventType "swiss"]
[EventRounds "9"]
[EventCountry "CZE"]
[SourceTitle "CBM 174 Extra"]
[Source "ChessBase"]
[SourceDate "2016.10.10"]
[SourceVersion "1"]
[SourceVersionDate "2016.10.10"]
[SourceQuality "1"]

1. e4 e6 2. b3 d5 3. Bb2 Nf6 4. e5 Nfd7 5. Nf3 c5 6. Nc3 Nc6 7. Bb5 a6 8. Bxc6 bxc6 9. 0-0 Be7 10. Qe2 0-0 11. h3 a5 12. Nh2 Ba6 13. d3 Qc7 14. f4 Rab8 15. Rab1 Nb6 16. Qd2 d4 17. Ne4 Nd5 18. Ba3 Nb4 19. Bxb4 cxb4 20. Nf3 c5 21. Nfg5 h6 22. Nf3 Bb7 23. Ng3 Ra8 24. Qe2 Ra7 25. Nd2 Rfa8 26. Nc4 a4 27. Ne4 Bxe4 28. Qxe4 axb3 29. axb3 Ra2 30. Rb2 R2a6 31. f5 exf5 32. Qxf5 Rf8 33. Qe4 Rg6 34. Ra2 Qd7 35. Kh2 f5 36. exf6 Rgxf6 37. Rxf6 Bxf6 38. Ra8 Qc7+ 39. Kg1 Rxa8 40. Qxa8+ Kf7 41. Qd5+ Ke7 42. Qe4+ Kd8 43. Qd5+ Ke8 44. Qe6+ Be7 45. Ne5 Qd6 46. Qxd6 Bxd6 47. Nc4 Bc7 48. Kf2 Ke7 49. Kf3 Ke6 50. Ke4 g6 51. Nd2 g5 52. Nf3 Bd6 53. Nd2 Bf4 54. Nc4 Bc7 55. g4 Bd8 56. Ne5 Bc7 57. Nf3 Bf4 58. h4 Be3 59. h5 Bf4 60. Ng1 Bh2 61. Nf3 Bf4 1/2-1/2

[Event "EU-ch U10 Girls 26th"]
[Site "Prague"]
[Date "2016.08.24"]
[Round "6"]
[White "Gagua, Nani"]
[Black "Kucharska, Helena"]
[Result "0-1"]
[WhiteElo "1382"]
[BlackElo "1206"]
[PlyCount "118"]
[EventDate "2016.08.18"]
[EventType "swiss"]
[EventRounds "9"]
[EventCountry "CZE"]
[SourceTitle "CBM 174 Extra"]
[Source "ChessBase"]
[SourceDate "2016.10.10"]
[SourceVersion "1"]
[SourceVersionDate "2016.10.10"]
[SourceQuality "1"]

1. e4 e6 2. d3 d5 3. Nd2 Nf6 4. Ngf3 Nc6 5. g3 dxe4 6. dxe4 e5 7. Bg2 Bc5 8. 0-0 0-0 9. Nc4 Qe7 10. Bg5 h6 11. Bxf6 Qxf6 12. c3 a5 13. Qd5 b6 14. Qd2 Ba6 15. b3 Rad8 16. Qc2 Bxc4 17. bxc4 Qe6 18. Nd2 Rd6 19. Nb3 Qxc4 20. Nxc5 Qxc5 21. Rac1 Rfd8 22. Rfd1 Rxd1+ 23. Rxd1 Rxd1+ 24. Qxd1 Qd6 25. Qc2 Kf8 26. Bf1 Qc5 27. Bd3 Na7 28. a4 Nc8 29. Qd2 Nd6 30. Kg2 Ke7 31. f3 Nc4 32. Qc1 Ne3+ 33. Kh3 Nc4 34. Kg2 Qe3 35. Qxe3 Nxe3+ 36. Kf2 Nd1+ 37. Ke1 Nxc3 38. Bc2 Na2 39. Kd2 Nb4 40. Bb3 f6 41. Kc3 Kd6 42. Kc4 Nc6 43. Bd1 Nd4 44. f4 Ne6 45. f5 Nd4 46. h3 Nc6 47. g4 Na7 48. Bc2 Kc6 49. h4 Nc8 50. h5 Nd6+ 51. Kb3 Kc5 52. Kc3 Nc4 53. Bd1 c6 54. Be2 Nd6 55. Kd2 b5 56. axb5 cxb5 57. Kc2 Nc4 58. Bd1 b4 59. Kb3 Nd2+ 0-1